Logo BPK

Biblioteka

Politechniki Koszalińskiej

Online - PR : (Rekord nr 40463)

Szczegóły MARC
000 -ETYKIETA REKORDU
podpole kontrolne o stałej długości 00819nam a2200241 i 4500
001 - NUMER KONTROLNY REKORDU
pole kontrolne bg
020 ## - MIĘDZYNARODOWY ZNORMALIZOWANY NUMER KSIĄŻKI - ISBN
ISBN 3478249309
040 ## - ŹRÓDŁO KATALOGOWANIA
Instytucja, która utworzyła rekord BPK
041 0# - KOD JĘZYKA
Kod języka tekstu de
080 ## - UNIWERSALNA KLASYFIKACJA DZIESIĘTNA - UKD
UKD 659.4:004.738.5
920 ## - Międzynarodowy znormalizowany numer książki – ISBN
ISBN 3-478-24930-9
008 - POLE O STAŁEJ DŁUGOŚCI - DANE KONTROLNE
podpole kontrolne o stałej długości s pl f |000 0 pol
100 1# - NAZWA OSOBOWA
Nazwa osobowa IBURG, Holger
245 10 - TYTUŁ/ODPOWIEDZIALNOŚĆ
Tytuł Online - PR :
Ciąg dalszy tytułu Exakte Zielgruppenansprache, interaktive Kundenkontakte, innovative Kommunikationskonskonzepte /
Pozostałe elementy strefy tytułu i oznaczenia odpowiedzialności Holger Iburg, Angelika Oplesch.
260 ## - STREFA ADRESU WYDAWNICZEGO
Miejsce wydania Landsberg :
Nazwa wydawcy/dystrybutora Moderne Industrie,
Data publikacji, dystrybucji/powstania dokumentu 2001.
300 ## - STREFA OPISU FIZYCZNEGO
Objętość 283 s. :
Inne cechy fizyczne il. ;
Rozmiary 24 cm.
504 ## - UWAGA DOTYCZĄCA BIBLIOGRAFII
Informacje o bibliografii Bibliogr. - Indeks.
650 #9 - HASŁO PRZEDMIOTOWE W FORMIE NAZWY OGÓLNEJ LUB JEDNOSTKOWEJ
Nazwa ogólna lub geograficzna Public relations
650 #9 - HASŁO PRZEDMIOTOWE W FORMIE NAZWY OGÓLNEJ LUB JEDNOSTKOWEJ
Nazwa ogólna lub geograficzna Internet
Określnik ogólny stosowanie
-- public relations
700 1# - HASŁO DODATKOWE - NAZWA OSOBOWA
Nazwa osobowa OPLESCH, Angelika
856 ## - LOKALIZACJA I DOSTĘP DO ELEKTRONICZNYCH DOKUMENTÓW ZDALNYCH
Link (URL) http://koha.tu.koszalin.pl/cgi-bin/koha/opac-detail.pl?biblionumber=40463
Tekst linku Katalog online BPK
942 ## - DODATKOWE ELEMENTY (KOHA)
Typ dokumentu Książka
Egzemplarze
Wycofany Status egzemplarza Uszkodzony Dostępność Lokalizacja stała Lokalizacja bieżąca Miejsce przechowywania Sygnatura Kod kreskowy Typ dokumentu
      Dostępny Biblioteka Politechniki Koszalińskiej Biblioteka Politechniki Koszalińskiej Wypożyczalnia BG 61253 01634655 Książka
© 2023 Biblioteka Politechniki Koszalińskiej :: KOHA